| 000 | 00709nam a2200229Ia 4500 | ||
|---|---|---|---|
| 003 | GCL | ||
| 008 | 140319s9999 xx 000 0 ara d | ||
| 040 |
_aGCL / _cGCL |
||
| 082 | 0 | 4 |
_a842.043 _bم ن |
| 100 | 1 | _aمصطفى فودة | |
| 245 | 1 | 0 |
_a1789 - 1793 \ نيكراسوف / _cمصطفى فودة |
| 700 | 1 | _aجان بول سارتر | |
| 700 | 1 | _aمنوشكين , ا | |
| 700 | 1 | _aسامية احمد اسعد | |
| 700 | 1 | _aعبدالقادر التلمسانى | |
| 700 | 1 | _aرضا الجمل | |
| 300 | _a382 ص | ||
| 490 |
_aالهيئة العامة للاستعلامات _v0 |
||
| 650 | 0 | 4 | _aالادب الفرنسى |
| 650 | 0 | 4 | _aالمسرحيات الفرنسية |
| 942 |
_2ddc _cBK |
||
| 999 |
_c50952 _d50952 |
||